000 00737nam a2200217Ia 4500
003 GCL
008 140319s9999 xx 000 0 ara d
020 _a2045981977
040 _aGCL /
_cGCL
082 0 4 _a338.9
_bش ت
100 1 _aشيف، موريس
245 1 0 _aالتكامل الاقليمى والتنمية /
_cشيف، موريس
700 1 _aوينترز، ل0 الن
260 _aالقاهرة :
_bمركز معلومات قراء الشرق الاوسط ،
_c2003
300 _a296 ص ؛
_c24 سم
650 0 4 _aالتكامل الاقتصادى
650 0 4 _aالاقتصاد الدولى
650 0 4 _aالاحوال الاقتصادية
650 0 4 _aالتنمية الاقتصادية
942 _2ddc
_cBK
999 _c46118
_d46118